000 00462nam a22001697a 4500
999 _c194942
_d194942
005 20230201121637.0
010 _aENG-136096
020 _a9788185990088
_c95.00
035 _aEN-119628
037 _bDBAD/PUB
082 _a920
245 _aTipu Sultan:
_bVillain Or Hero?/
260 _aNew Delhi
_bVoice of India
_c1993
270 _a2/18, Ansari Road
_bNew Delhi
_e110002
300 _avii, 85p.
_c22cm(pbk)
942 _2ddc
_cEN
_mTIP
_h920